000 02245nam a2200397 c 4500
003 BLK
005 20240301113702.0
008 180409b bul|||||r ||||||| ||bul||
010 _aKNG00137278000
040 _aBLK
041 _aBUL
_cBUL
080 _aЦивилизация. Култура. Прогрес. История на културата вж 930.85
_b008
_z008
080 _aЕтика. Учение за морала. Практическа философия. Вж и 37.034 ; 24
_b17
_z17
100 1 _aШвайцер, Алберт
_eпърви автор
_9310261
139 _aШвайцер, Алберт
_bШ 43
245 1 0 _aКултура и етика
_bИзбрани произведения
_cАлберт Швайцер; състав. Атанас Василев Натев; прев. от нем. Венета Стоева Янкова; с предг. от Костадина Георгиева Йорданова.
257 _aDEU
260 _bНаука и изкуство
_c1990
_fПлевен : Ал. Пъшев
300 _a516 с.
_c21 см
380 _a0
490 1 _aБиблиотека Теория и история на световната култура
500 _a1 560 тир. - Съдържа и Основни дати от живота и дейността на Швайцер. - Именен показалец. - Упадък и възстановяване на културата ; Култура и етика ; Студии и статии по философия на културата ; Етиката и мирът между народите.
650 4 _aКултура - теория
_9246545
653 _aкултура
653 _aетика
700 1 _aНатев, Атанас Василев
_eсъстав.
_9374034
700 1 _aЯнкова, Венета Стоева
_eпрев. от нем.
_9370656
700 1 _aЙорданова, Костадина Георгиева
_eс предг. от
_9322729
852 _aЦб 162528
856 4 _qpdf
856 4 _qpdf
942 _cKNG
_n0
_01
944 _aCR
_c13.12.2012
_lИвелин Русев
_k30563
944 _aED
_c13.12.2012
_l13.12.2012 - от С1,Р / 13.12.2012
999 _c131461
_d131461
999 _d131461